MARC details
| 000 -LEADER |
| fixed length control field |
02047cam a2200493 a 4500 |
| 001 - CONTROL NUMBER |
| control field |
sjds238220 |
| 003 - CONTROL NUMBER IDENTIFIER |
| control field |
sjds |
| 005 - DATE AND TIME OF LATEST TRANSACTION |
| control field |
20200314133453.0 |
| 008 - FIXED-LENGTH DATA ELEMENTS--GENERAL INFORMATION |
| fixed length control field |
030312t20032003txu c 000 0 eng |
| 010 ## - LIBRARY OF CONGRESS CONTROL NUMBER |
| LC control number |
2003004426 |
| 020 ## - INTERNATIONAL STANDARD BOOK NUMBER |
| International Standard Book Number |
1413192262 : |
| Terms of availability |
$22.99 |
| 020 ## - INTERNATIONAL STANDARD BOOK NUMBER |
| International Standard Book Number |
0938317768 (pbk.) |
| 020 ## - INTERNATIONAL STANDARD BOOK NUMBER |
| International Standard Book Number |
9780938317760 (pbk.) |
| 035 ## - SYSTEM CONTROL NUMBER |
| System control number |
(OCoLC)51977759 |
| 040 ## - CATALOGING SOURCE |
| Original cataloging agency |
DLC |
| Transcribing agency |
DLC |
| Modifying agency |
DLC |
| -- |
UtOrBLW |
| 041 0# - LANGUAGE CODE |
| Language code of text/sound track or separate title |
eng |
| -- |
spa |
| 049 ## - LOCAL HOLDINGS (OCLC) |
| Holding library |
IFAB |
| 099 ## - LOCAL FREE-TEXT CALL NUMBER (OCLC) |
| Classification number |
CHILDREN ESPANOL 398.2 HAYES |
| 100 1# - MAIN ENTRY--PERSONAL NAME |
| Personal name |
Hayes, Joe. |
| 245 14 - TITLE STATEMENT |
| Title |
El dia que nevaron tortillas = |
| Remainder of title |
The day it snowed tortillas : folktales told in / |
| Statement of responsibility, etc. |
by Joe Hayes ; illustrations by Antonio Castro L. |
| 246 11 - VARYING FORM OF TITLE |
| Title proper/short title |
Dia que nevaron tortillas |
| 246 3# - VARYING FORM OF TITLE |
| Title proper/short title |
Day it snowed tortillas: folktales told in Spanish and English |
| 246 31 - VARYING FORM OF TITLE |
| Title proper/short title |
El dia que nevaron tortillas |
| 260 ## - PUBLICATION, DISTRIBUTION, ETC. (IMPRINT) |
| Place of publication, distribution, etc. |
El Paso, TX : |
| Name of publisher, distributor, etc. |
Cinco Puntos Press, |
| Date of publication, distribution, etc. |
c2003 |
| 264 #1 - PRODUCTION, PUBLICATION, DISTRIBUTION, MANUFACTURE, AND COPYRIGHT NOTICE |
| Place of production, publication, distribution, manufacture |
El Paso, TX : |
| Name of producer, publisher, distributor, manufacturer |
Cinco Puntos Press, |
| Date of production, publication, distribution, manufacture, or copyright notice |
[2003] |
| 264 #4 - PRODUCTION, PUBLICATION, DISTRIBUTION, MANUFACTURE, AND COPYRIGHT NOTICE |
| Date of production, publication, distribution, manufacture, or copyright notice |
c2003 |
| 300 ## - PHYSICAL DESCRIPTION |
| Extent |
133 pages : |
| Other physical details |
illustrations ; |
| Dimensions |
23 cm |
| 336 ## - CONTENT TYPE |
| Content type term |
text |
| Content type code |
txt |
| Source |
rdacontent |
| 337 ## - MEDIA TYPE |
| Media type term |
unmediated |
| Media type code |
n |
| Source |
rdamedia |
| 338 ## - CARRIER TYPE |
| Carrier type term |
volume |
| Carrier type code |
nc |
| Source |
rdacarrier |
| 520 ## - SUMMARY, ETC. |
| Summary, etc. |
A collection of classic tales from New Mexico, including "Pedro and Diablo," "La Hormiguita," "La Llorona," and "Juan Camison," in both English and Spanish. |
| 526 0# - STUDY PROGRAM INFORMATION NOTE |
| Program name |
Accelerated Reader |
| Interest level |
MG |
| Reading level |
4.5 |
| Title point value |
2.0 |
| Public note |
83690 |
| 650 #0 - SUBJECT ADDED ENTRY--TOPICAL TERM |
| Topical term or geographic name as entry element |
Tales |
| Geographic subdivision |
New Mexico |
| Form subdivision |
Juvenile literature. |
| 650 #0 - SUBJECT ADDED ENTRY--TOPICAL TERM |
| Topical term or geographic name as entry element |
Folklore |
| Geographic subdivision |
New Mexico |
| Form subdivision |
Juvenile literature. |
| 650 #0 - SUBJECT ADDED ENTRY--TOPICAL TERM |
| Topical term or geographic name as entry element |
Spanish language materials |
| General subdivision |
Bilingual |
| Form subdivision |
Juvenile literature. |
| 650 #7 - SUBJECT ADDED ENTRY--TOPICAL TERM |
| Topical term or geographic name as entry element |
Cuentos |
| Geographic subdivision |
Nuevo México |
| Form subdivision |
Literatura juvenil. |
| Source of heading or term |
bidex |
| 650 #7 - SUBJECT ADDED ENTRY--TOPICAL TERM |
| Topical term or geographic name as entry element |
Folklore |
| Geographic subdivision |
Nuevo México |
| Form subdivision |
Literatura juvenil. |
| Source of heading or term |
bidex |
| 650 #7 - SUBJECT ADDED ENTRY--TOPICAL TERM |
| Topical term or geographic name as entry element |
Materiales bilingües en español |
| Form subdivision |
Literatura juvenil. |
| Source of heading or term |
bidex |
| 700 12 - ADDED ENTRY--PERSONAL NAME |
| Personal name |
Hayes, Joe. |
| Title of a work |
Day it snowed tortillas. |
| Language of a work |
Spanish. |
| 700 12 - ADDED ENTRY--PERSONAL NAME |
| Personal name |
Hayes, Joe. |
| Title of a work |
Day it snowed tortillas. |
| Language of a work |
English. |
| 700 1# - ADDED ENTRY--PERSONAL NAME |
| Personal name |
Castro López, Antonio. |
| 910 ## - USER-OPTION DATA (OCLC) |
| User-option data |
BRO-cust20100427-111/kao-items |
| -- |
BRO-cust20110323-111 |
| -- |
BRO-cust20120510-126 |
| 942 ## - ADDED ENTRY ELEMENTS (KOHA) |
| Source of classification or shelving scheme |
Dewey Decimal Classification |
| Koha item type |
Libro/Book |